Không gian văn hóa nguyên thủy : Nhìn theo lý thuyết chức năng /
Gorde:
| Egile nagusia: | |
|---|---|
| Beste egile batzuk: | , |
| Formatua: | Sách giấy |
| Hizkuntza: | Vietnamese French |
| Argitaratua: |
H. :
Khoa học Xã hội,
2019.
|
| Edizioa: | Tái bản. |
| Gaiak: | |
| Etiketak: |
Etiketa erantsi
Etiketarik gabe, Izan zaitez lehena erregistro honi etiketa jartzen!
|
| Thư viện lưu trữ: | Thư viện Trường Đại học Đà Lạt |
|---|
| LEADER | 01043nam a2200361 4500 | ||
|---|---|---|---|
| 001 | DLU210196332 | ||
| 005 | ##20210513 | ||
| 020 | # | # | |a 9786049563652 |
| 040 | # | # | |a DLU |b vie |
| 041 | # | # | |a vie |h fre |
| 044 | # | # | |a vn |
| 082 | # | # | |a 306 |b LO-R |
| 100 | # | # | |a Lowie, Robert. |
| 245 | # | # | |a Không gian văn hóa nguyên thủy : |b Nhìn theo lý thuyết chức năng / |c Robert Lowie; Vũ Xuân Ba, Ngô Bình Lâm dịch. |
| 246 | # | # | |a Traité de la sociologic primitive : |b Plité bibliothèque payot |
| 250 | # | # | |a Tái bản. |
| 260 | # | # | |a H. : |b Khoa học Xã hội, |c 2019. |
| 300 | # | # | |a 503 tr. ; |c 24 cm. |
| 650 | # | # | |a Văn minh. |
| 650 | # | # | |a Xã hội học nguyên thủy. |
| 700 | # | # | |a Ngô Bình Lâm, |e dịch. |
| 700 | # | # | |a Vũ Xuân Ba, |e dịch. |
| 923 | # | # | |a 03/2020 |
| 991 | # | # | |a SH |
| 992 | # | # | |a 248000 |
| 994 | # | # | |a DLU |
| 900 | # | # | |a True |
| 911 | # | # | |a Nguyễn Thanh Hương |
| 925 | # | # | |a G |
| 926 | # | # | |a A |
| 927 | # | # | |a SH |
| 980 | # | # | |a Thư viện Trường Đại học Đà Lạt |


